[Event "Landesliga West MV 2013/14"]
[Site "?"]
[Date "2014.02.23"]
[Round "6.4"]
[White "Bahr, Enrico"]
[Black "Moutaqi, Sandra"]
[Result "1/2-1/2"]
[WhiteElo "1859"]
[BlackElo "1746"]
[PlyCount "41"]
[EventType "team-tourn"]
[EventRounds "9"]
[WhiteTeam "ASV GW Wismar"]
[BlackTeam "Post SV Ludwigslust II"]

1. d4 d5 2. Nf3 Nf6 3. Bf4 e6 4. e3 c5 5. c3 cxd4 6. exd4 Bd6 7. Ne5 O-O 8. Nd2
Nc6 9. Bd3 Qc7 10. Qe2 Nd7 11. Ndf3 Ndxe5 12. dxe5 Be7 13. O-O f5 14. Rfe1 Qd8
15. Rad1 g5 16. Bc1 g4 17. Nd4 Nxd4 18. cxd4 Kh8 19. Bf4 Bd7 20. Bb5 a6 21.
Bxd7 1/2-1/2

[Event "Landesliga West MV 2013/14"]
[Site "?"]
[Date "2014.02.23"]
[Round "6.5"]
[White "Schulz, Gerhard"]
[Black "Borchert, Ulf"]
[Result "1/2-1/2"]
[WhiteElo "1679"]
[BlackElo "1872"]
[PlyCount "26"]
[EventType "team-tourn"]
[EventRounds "9"]
[WhiteTeam "Post SV Ludwigslust II"]
[BlackTeam "ASV GW Wismar"]

1. e4 c5 2. Nf3 e6 3. d4 cxd4 4. Nxd4 Nf6 5. Nc3 Bb4 6. Bd3 d6 7. O-O O-O 8.
Kh1 e5 9. Nb3 h6 10. Bd2 Nc6 11. a3 Bc5 12. Nxc5 dxc5 13. Qe1 Nh7 1/2-1/2

[Event "Landesliga West MV 2013/14"]
[Site "?"]
[Date "2014.02.23"]
[Round "6.6"]
[White "Podolskiy, Alexander"]
[Black "Lange, Marius"]
[Result "1/2-1/2"]
[WhiteElo "1846"]
[BlackElo "1607"]
[PlyCount "45"]
[EventType "team-tourn"]
[EventRounds "9"]
[WhiteTeam "ASV GW Wismar"]
[BlackTeam "Post SV Ludwigslust II"]

1. e4 e5 2. Nf3 Nc6 3. Bc4 Bc5 4. d3 h6 5. Be3 Bb6 6. Nc3 Nf6 7. Nd5 d6 8. Nxb6
axb6 9. a3 Be6 10. Bxe6 fxe6 11. c3 O-O 12. b4 Ng4 13. O-O Ne7 14. Qb3 Qd7 15.
Nh4 g5 16. Nf3 Ng6 17. d4 Rf7 18. Rad1 Raf8 19. Nd2 Nf4 20. d5 exd5 21. Bxf4
Rxf4 22. Qxd5+ Kh8 23. Nf3 1/2-1/2

[Event "Landesliga West MV 2013/14"]
[Site "?"]
[Date "2014.02.23"]
[Round "6.7"]
[White "Fitz, Baldur"]
[Black "Pentzien, Volker"]
[Result "1/2-1/2"]
[WhiteElo "1558"]
[BlackElo "1832"]
[PlyCount "48"]
[EventType "team-tourn"]
[EventRounds "9"]
[WhiteTeam "Post SV Ludwigslust II"]
[BlackTeam "ASV GW Wismar"]

1. d4 Nf6 2. c4 g6 3. Nc3 d5 4. cxd5 Nxd5 5. e4 Nxc3 6. bxc3 Bg7 7. Nf3 c5 8.
Bb5+ Bd7 9. Bxd7+ Nxd7 10. O-O O-O 11. Rb1 b6 12. Re1 Qc7 13. e5 e6 14. Ng5
cxd4 15. cxd4 Rfd8 16. Qf3 Nf8 17. Be3 Rac8 18. Rbc1 Qd7 19. Ne4 Rxc1 20. Rxc1
Rc8 21. Rxc8 Qxc8 22. Qe2 Nd7 23. Nd6 Qc6 24. Qa6 Bf8 1/2-1/2

[Event "Landesliga West MV 2013/14"]
[Site "?"]
[Date "2014.02.23"]
[Round "6.8"]
[White "Junggebauer, Thomas"]
[Black "Lange, Stefan"]
[Result "1-0"]
[WhiteElo "1814"]
[BlackElo "1557"]
[PlyCount "35"]
[EventType "team-tourn"]
[EventRounds "9"]
[WhiteTeam "ASV GW Wismar"]
[BlackTeam "Post SV Ludwigslust II"]

1. e4 d6 2. d4 Nf6 3. Nc3 g6 4. f4 Bg7 5. Nf3 c6 6. Bd3 O-O 7. O-O b5 8. Qe1 a5
9. a3 Ba6 10. b4 Nbd7 11. e5 Ne8 12. e6 Nb6 13. exf7+ Rxf7 14. Ng5 Bxd4+ 15.
Kh1 Bxc3 16. Qe6 Ng7 17. Qxf7+ Kh8 18. Qb3 1-0

[Event "Landesliga West MV 2013/14"]
[Site "?"]
[Date "2014.02.23"]
[Round "6.1"]
[White "Montag, Ralf"]
[Black "Rabinowitsch, Juri"]
[Result "1/2-1/2"]
[WhiteElo "1966"]
[BlackElo "1844"]
[PlyCount "31"]
[EventType "team-tourn"]
[EventRounds "9"]
[WhiteTeam "Post SV Ludwigslust"]
[BlackTeam "SF Schwerin IV"]

1. e4 c5 2. Nc3 d6 3. d3 Nc6 4. g3 Nf6 5. Bg2 e5 6. Nge2 Be7 7. O-O Bg4 8. h3
Be6 9. f4 Qb6 10. f5 Bd7 11. Bg5 c4+ 12. Kh2 cxd3 13. cxd3 Ng4+ 14. hxg4 Bxg5
15. Nd5 Qd8 16. Bf3 1/2-1/2

[Event "Landesliga West MV 2013/14"]
[Site "?"]
[Date "2014.02.23"]
[Round "6.2"]
[White "Jung, Werner"]
[Black "Illgen, Alexander"]
[Result "1/2-1/2"]
[WhiteElo "1868"]
[BlackElo "1876"]
[PlyCount "75"]
[EventType "team-tourn"]
[EventRounds "9"]
[WhiteTeam "SF Schwerin IV"]
[BlackTeam "Post SV Ludwigslust"]

1. e4 d6 2. d4 Nf6 3. Nc3 g6 4. f3 Bg7 5. Be3 a6 6. Qd2 b5 7. Bh6 Bxh6 8. Qxh6
b4 9. Nd1 c5 10. dxc5 dxc5 11. Bc4 Nc6 12. Ne2 Ne5 13. Ne3 Nxc4 14. Nxc4 Qc7
15. Nf4 Bd7 16. Ne3 Qe5 17. O-O-O Ng8 18. Nc4 Qf6 19. Nd5 Nxh6 20. Nxf6+ exf6
21. Rd5 Be6 22. Rxc5 Bxc4 23. Rxc4 a5 24. Rd1 O-O 25. Rd5 Rfd8 26. Rxd8+ Rxd8
27. Rc5 Ra8 28. Kd2 f5 29. h3 fxe4 30. fxe4 f6 31. c3 bxc3+ 32. Kxc3 Nf7 33.
Kb3 Nd6 34. Ka4 Nb7 35. Rb5 Ra7 36. Rd5 Kf7 37. Kb5 Nd8 38. Rxd8 1/2-1/2

[Event "Landesliga West MV 2013/14"]
[Site "?"]
[Date "2014.02.23"]
[Round "6.3"]
[White "Wiemer, Juergen"]
[Black "Krueger, Gerhard"]
[Result "1-0"]
[WhiteElo "1840"]
[BlackElo "1866"]
[PlyCount "93"]
[EventType "team-tourn"]
[EventRounds "9"]
[WhiteTeam "Post SV Ludwigslust"]
[BlackTeam "SF Schwerin IV"]

1. e4 c5 2. c3 d5 3. exd5 Qxd5 4. d4 Nc6 5. Nf3 Bg4 6. Be2 e6 7. Be3 cxd4 8.
cxd4 Nf6 9. Nc3 Qa5 10. O-O Bb4 11. Qb3 O-O 12. a3 Bxc3 13. bxc3 Qc7 14. c4
Rfd8 15. Rfd1 b6 16. Rac1 Rac8 17. Qa4 Ne7 18. h3 Bh5 19. g4 Bg6 20. Ne5 Be4
21. Bf4 Ba8 22. Ng6 Qb7 23. Nxe7+ Qxe7 24. Qb4 Qb7 25. f3 h6 26. Qd2 Qe7 27.
Qe3 Rd7 28. Be5 Nh7 29. Bg3 Rcd8 30. h4 Nf8 31. Rc3 Ng6 32. h5 Nf8 33. Rcd3 Nh7
34. Kf2 Nf6 35. Be5 Ne8 36. Bf4 Qh4+ 37. Bg3 Qe7 38. Kg2 Nf6 39. Kh3 Bb7 40.
Bh4 Ba6 41. R3d2 Rc8 42. g5 hxg5 43. Qxg5 Qf8 44. Rg1 Nh7 45. Qe5 Bxc4 46. Bxc4
Rxc4 47. Rdg2 1-0

[Event "Landesliga West MV 2013/14"]
[Site "?"]
[Date "2014.02.23"]
[Round "6.4"]
[White "Pamperin, Gerhard"]
[Black "Meier, Klaus"]
[Result "0-1"]
[WhiteElo "1813"]
[BlackElo "1850"]
[PlyCount "86"]
[EventType "team-tourn"]
[EventRounds "9"]
[WhiteTeam "SF Schwerin IV"]
[BlackTeam "Post SV Ludwigslust"]

1. d4 Nf6 2. Nf3 g6 3. c4 c5 4. d5 d6 5. Nc3 Bg7 6. e4 O-O 7. Bd3 e6 8. O-O
exd5 9. exd5 a6 10. h3 Ne8 11. Qc2 f5 12. Bf4 Nd7 13. Rfe1 Ndf6 14. Qd2 Rb8 15.
Ng5 Nc7 16. Nf3 b5 17. Rad1 Nh5 18. Bg5 Bf6 19. Bh6 Bg7 20. b3 Qf6 21. Bxg7
Kxg7 22. Re2 b4 23. Nb1 Bd7 24. Rde1 Rbe8 25. a3 a5 26. axb4 axb4 27. Rxe8 Rxe8
28. Rxe8 Nxe8 29. Qa2 Nf4 30. Bf1 Qe7 31. g3 Nh5 32. Bd3 Nhf6 33. Qa1 Kg8 34.
Kg2 Ne4 35. h4 h6 36. Bxe4 fxe4 37. Ng1 e3 38. Qb2 Qe4+ 39. f3 Qd3 40. g4 h5
41. Kg3 hxg4 42. fxg4 e2+ 43. Nf3 e1=Q+ 0-1

[Event "Landesliga West MV 2013/14"]
[Site "?"]
[Date "2014.02.23"]
[Round "6.5"]
[White "Tuchtenhagen, Harald"]
[Black "Voll, Andreas"]
[Result "1/2-1/2"]
[WhiteElo "1838"]
[BlackElo "1807"]
[PlyCount "33"]
[EventType "team-tourn"]
[EventRounds "9"]
[WhiteTeam "Post SV Ludwigslust"]
[BlackTeam "SF Schwerin IV"]

1. e4 c5 2. Bc4 e6 3. c3 d5 4. exd5 exd5 5. Bb3 Nf6 6. d4 cxd4 7. cxd4 Bb4+ 8.
Bd2 Qe7+ 9. Qe2 Be6 10. Nf3 Nc6 11. a3 Bxd2+ 12. Nbxd2 O-O 13. O-O Rfe8 14. Qd3
Qd6 15. h3 Qf4 16. Qe3 Qxe3 17. fxe3 1/2-1/2

[Event "Landesliga West MV 2013/14"]
[Site "?"]
[Date "2014.02.23"]
[Round "6.6"]
[White "Goettsching, Holger"]
[Black "Mitscherling, Reinhard"]
[Result "1/2-1/2"]
[WhiteElo "1727"]
[BlackElo "1837"]
[PlyCount "62"]
[EventType "team-tourn"]
[EventRounds "9"]
[WhiteTeam "SF Schwerin IV"]
[BlackTeam "Post SV Ludwigslust"]

1. e4 e5 2. Nf3 Nc6 3. Bb5 Nf6 4. O-O d6 5. Re1 Bd7 6. c3 Be7 7. a3 O-O 8. d4
a6 9. Ba4 b5 10. Bc2 Bg4 11. d5 Na5 12. Nbd2 c5 13. dxc6 Nxc6 14. h3 Bh5 15.
Nf1 Rc8 16. Ng3 Bg6 17. Bg5 Nh5 18. Nxe5 dxe5 19. Bxe7 Qxd1 20. Bxd1 Nxe7 21.
Bxh5 Bxh5 22. Nxh5 Rfd8 23. Rad1 f6 24. Ng3 Kf7 25. Nf1 Ke6 26. Ne3 g6 27. Kf1
f5 28. exf5+ gxf5 29. Rxd8 Rxd8 30. Rd1 Rc8 31. Ke2 h5 1/2-1/2

[Event "Landesliga West MV 2013/14"]
[Site "?"]
[Date "2014.02.23"]
[Round "6.7"]
[White "Emmrich, Olaf"]
[Black "Weinstein, Arkadi"]
[Result "1-0"]
[WhiteElo "1800"]
[BlackElo "1693"]
[PlyCount "25"]
[EventType "team-tourn"]
[EventRounds "9"]
[WhiteTeam "Post SV Ludwigslust"]
[BlackTeam "SF Schwerin IV"]

1. e4 d6 2. d4 g6 3. Bc4 Bg7 4. Nf3 Nd7 5. Bxf7+ Kf8 6. Ng5 Ndf6 7. Bb3 d5 8.
e5 e6 9. exf6 Nxf6 10. O-O h6 11. Nf3 Kg8 12. Ne5 Kh7 13. Nf7 1-0

[Event "Landesliga West MV 2013/14"]
[Site "?"]
[Date "2014.02.23"]
[Round "6.8"]
[White "Schulz, Armin"]
[Black "Altenburg, Reiner"]
[Result "0-1"]
[WhiteElo "1414"]
[BlackElo "1698"]
[PlyCount "66"]
[EventType "team-tourn"]
[EventRounds "9"]
[WhiteTeam "SF Schwerin IV"]
[BlackTeam "Post SV Ludwigslust"]

1. e4 c5 2. Nf3 Nc6 3. Bc4 e6 4. c3 d5 5. exd5 exd5 6. Qe2+ Be7 7. Bb5 Bg4 8.
d4 cxd4 9. cxd4 Nf6 10. Bxc6+ bxc6 11. O-O O-O 12. Nbd2 Re8 13. Qd3 Bd6 14. b3
Qc7 15. h3 Bh5 16. Bb2 Bg6 17. Qc3 Ne4 18. Nxe4 Bxe4 19. Rae1 a5 20. Ng5 Bb4
21. Qg3 Qxg3 22. fxg3 Bxe1 23. Rxe1 f6 24. Nxe4 dxe4 25. Kf2 f5 26. Bc3 Kf7 27.
Ke3 Ke6 28. Kf4 a4 29. b4 h6 30. a3 g5+ 31. Ke3 Kd5 32. Kd2 Kc4 33. Kc2 Rf8 0-1

[Event "Landesliga West MV 2013/14"]
[Site "?"]
[Date "2014.02.23"]
[Round "6.1"]
[White "Stadler, Bertino"]
[Black "Mueller, Axel"]
[Result "1/2-1/2"]
[WhiteElo "1654"]
[BlackElo "1936"]
[PlyCount "75"]
[EventType "team-tourn"]
[EventRounds "9"]
[WhiteTeam "SV Empor Kuehlungsborn"]
[BlackTeam "Putlitzer SV 1921"]

1. e4 d5 2. exd5 Qxd5 3. Nc3 Qa5 4. d4 Nf6 5. Bd2 c6 6. Bd3 Qb6 7. Nge2 Bg4 8.
f3 Bh5 9. Na4 Qd8 10. O-O e6 11. Be3 Nbd7 12. Ng3 Bd6 13. Ne4 Nxe4 14. Bxe4 f5
15. g4 Qh4 16. Qd2 fxg4 17. Bf4 Bxf4 18. Qxf4 O-O-O 19. fxg4 Qxg4+ 20. Qxg4
Bxg4 21. Rf7 Nf6 22. Bd3 Rhg8 23. Nc5 Nd7 24. Bxh7 Rh8 25. Rxd7 Rxd7 26. Nxd7
Kxd7 27. Be4 Bh3 28. Bg2 Bf5 29. c3 Rh4 30. Re1 Ke7 31. Re3 Kf6 32. b4 Rg4 33.
Rg3 e5 34. dxe5+ Kxe5 35. Kf2 g6 36. Re3+ Kd6 37. h3 Rc4 38. a3 1/2-1/2

[Event "Landesliga West MV 2013/14"]
[Site "?"]
[Date "2014.02.23"]
[Round "6.2"]
[White "Prenzlow, Michael"]
[Black "Kornblum, Harry"]
[Result "0-1"]
[WhiteElo "1788"]
[BlackElo "1868"]
[PlyCount "110"]
[EventType "team-tourn"]
[EventRounds "9"]
[WhiteTeam "Putlitzer SV 1921"]
[BlackTeam "SV Empor Kuehlungsborn"]

1. d4 Nf6 2. Nc3 d6 3. e4 g6 4. Bg5 Bg7 5. e5 Nfd7 6. f4 O-O 7. Bc4 Nb6 8. Bb3
Nc6 9. Nf3 Na5 10. O-O Nxb3 11. axb3 Bf5 12. h3 a6 13. g4 Bd7 14. Ne2 f6 15.
exf6 exf6 16. Bh4 Qe8 17. Qd2 h5 18. Nh2 Qf7 19. c4 Rae8 20. Rae1 Kh8 21. Bf2
Nc8 22. Nc3 Ne7 23. d5 Ng8 24. Rxe8 Rxe8 25. Re1 Nh6 26. Qd1 Kh7 27. Kg2 Rxe1
28. Bxe1 hxg4 29. hxg4 Qe8 30. Bf2 Kg8 31. Kg3 Kf8 32. Qe2 Qd8 33. Bd4 Nf7 34.
Nf3 Nh6 35. Nh2 Kf7 36. Nd1 Qc8 37. Nf2 Bxg4 38. Nhxg4 Nf5+ 39. Kg2 Nxd4 40.
Qd3 f5 41. Nh2 Qh8 42. Nh3 Bf6 43. Nf3 Nxf3 44. Qxf3 Qe8 45. Kg3 Qe1+ 46. Qf2
Qxf2+ 47. Kxf2 Bxb2 48. Ng5+ Ke7 49. Ne6 c6 50. Ke3 c5 51. Kd3 b5 52. Kc2 Bf6
53. cxb5 axb5 54. Nc7 b4 55. Ne6 Kf7 0-1

[Event "Landesliga West MV 2013/14"]
[Site "?"]
[Date "2014.02.23"]
[Round "6.3"]
[White "Gipp, Thomas"]
[Black "Blume, Christian"]
[Result "1-0"]
[WhiteElo "1902"]
[BlackElo "1832"]
[PlyCount "75"]
[EventType "team-tourn"]
[EventRounds "9"]
[WhiteTeam "SV Empor Kuehlungsborn"]
[BlackTeam "Putlitzer SV 1921"]

1. d4 d5 2. Bf4 e6 3. e3 Nf6 4. Bd3 Be7 5. Nf3 O-O 6. Ne5 Nbd7 7. Nd2 c5 8. c3
a6 9. Qf3 Ne8 10. Qh3 f5 11. g4 Nxe5 12. Bxe5 g6 13. gxf5 exf5 14. f4 Bf6 15.
Nf3 Bxe5 16. Nxe5 c4 17. Bc2 Qf6 18. Ke2 Nd6 19. Qg2 Be6 20. h4 Nf7 21. h5 Nxe5
22. dxe5 Qf7 23. Rag1 Kg7 24. Rh3 Bd7 25. Rg3 Be8 26. hxg6 hxg6 27. Rh1 Bd7 28.
Rgh3 Rh8 29. R1h2 Rag8 30. Qh1 Rxh3 31. Rxh3 Kf8 32. Rh7 Rg7 33. Qh6 Bc6 34.
Kf2 Be8 35. Bxf5 gxf5 36. Rh8+ Qg8 37. Rxg8+ Kxg8 38. Qe6+ 1-0

[Event "Landesliga West MV 2013/14"]
[Site "?"]
[Date "2014.02.23"]
[Round "6.4"]
[White "Vieten, Florian"]
[Black "Busz, Stephan"]
[Result "0-1"]
[WhiteElo "1687"]
[BlackElo "1891"]
[PlyCount "60"]
[EventType "team-tourn"]
[EventRounds "9"]
[WhiteTeam "Putlitzer SV 1921"]
[BlackTeam "SV Empor Kuehlungsborn"]

1. e4 d6 2. b3 Nf6 3. Nc3 g6 4. Bb2 Bg7 5. d3 e5 6. Nf3 c6 7. d4 Qe7 8. dxe5
dxe5 9. Bc4 b5 10. Bd3 O-O 11. O-O Nbd7 12. Qe2 Nh5 13. Bc1 Nf4 14. Bxf4 exf4
15. e5 Nxe5 16. Nxe5 Qxe5 17. Ne4 f5 18. Nd2 Qxe2 19. Bxe2 Bxa1 20. Rxa1 Bb7
21. c4 Rfe8 22. Bf3 Rad8 23. Nf1 Re7 24. cxb5 cxb5 25. Bxb7 Rxb7 26. g3 fxg3
27. Nxg3 Rbd7 28. Kf1 Rd1+ 29. Rxd1 Rxd1+ 30. Ke2 Ra1 0-1

[Event "Landesliga West MV 2013/14"]
[Site "?"]
[Date "2014.02.23"]
[Round "6.5"]
[White "Prueter, Reinhard"]
[Black "Oelke, Bernd"]
[Result "0-1"]
[WhiteElo "1634"]
[BlackElo "1764"]
[PlyCount "84"]
[EventType "team-tourn"]
[EventRounds "9"]
[WhiteTeam "SV Empor Kuehlungsborn"]
[BlackTeam "Putlitzer SV 1921"]

1. d4 d5 2. Nf3 Nf6 3. c4 e6 4. Nc3 Nbd7 5. e3 Be7 6. Bd2 O-O 7. Rc1 c6 8. Bd3
Bd6 9. e4 dxe4 10. Nxe4 Nxe4 11. Bxe4 h6 12. O-O Re8 13. Re1 Nf6 14. Bb1 c5 15.
Bc3 Bf4 16. Rc2 cxd4 17. Bxd4 b6 18. Rc3 Bb7 19. Qc2 Qe7 20. Bxf6 Qxf6 21. Rd1
Red8 22. Rxd8+ Rxd8 23. Kf1 g6 24. Qe2 Bxf3 25. Qxf3 Be5 26. Qxf6 Bxf6 27. Rd3
Rxd3 28. Bxd3 Bxb2 29. a4 a5 30. Ke2 f5 31. f3 Kf7 32. h3 Kf6 33. Kd2 Ke5 34.
Kc2 Bd4 35. Bf1 Kf4 36. Kd3 Bc5 37. Ke2 Kg3 38. Ke1 h5 39. Ke2 h4 40. Ke1 Kh2
41. Ke2 Kg1 42. g4 hxg3 0-1

[Event "Landesliga West MV 2013/14"]
[Site "?"]
[Date "2014.02.23"]
[Round "6.6"]
[White "Philipp, Daniel"]
[Black "Miedeck, Franz"]
[Result "1/2-1/2"]
[WhiteElo "1575"]
[BlackElo "1592"]
[PlyCount "77"]
[EventType "team-tourn"]
[EventRounds "9"]
[WhiteTeam "Putlitzer SV 1921"]
[BlackTeam "SV Empor Kuehlungsborn"]

1. e4 c5 2. Nf3 e6 3. d4 cxd4 4. Nxd4 Nc6 5. Nc3 a6 6. Nxc6 bxc6 7. Bc4 d5 8.
exd5 exd5 9. Bd3 Nf6 10. O-O Be7 11. Bg5 O-O 12. Rb1 Qc7 13. Bxf6 Bxf6 14. Qd2
Be6 15. a4 Rfd8 16. b4 g6 17. Ne2 Be5 18. f4 Bg7 19. c3 Bd7 20. Kh1 c5 21. Bc2
Rab8 22. bxc5 Qxc5 23. Rxb8 Rxb8 24. Ra1 Rc8 25. Bb3 Bxc3 26. Nxc3 Qxc3 27.
Qxc3 Rxc3 28. Bxd5 Rd3 29. Bc4 Rd4 30. Bxa6 Bxa4 31. g3 Bc6+ 32. Kg1 Rd2 33.
Bf1 Kg7 34. Re1 Kf6 35. Re2 Rd1 36. Kf2 Rxf1+ 37. Kxf1 Bb5 38. Kf2 Bxe2 39.
Kxe2 1/2-1/2

[Event "Landesliga West MV 2013/14"]
[Site "?"]
[Date "2014.02.23"]
[Round "6.7"]
[White "Noelck, Ulrich"]
[Black "Gottschalk, Maik"]
[Result "0-1"]
[WhiteElo "1597"]
[BlackElo "1646"]
[PlyCount "70"]
[EventType "team-tourn"]
[EventRounds "9"]
[WhiteTeam "SV Empor Kuehlungsborn"]
[BlackTeam "Putlitzer SV 1921"]

1. d4 d5 2. c4 e6 3. Nc3 c6 4. e3 Nf6 5. Nf3 Be7 6. Bd3 Nbd7 7. Qc2 dxc4 8.
Bxc4 b5 9. Bd3 Bb7 10. O-O a6 11. Ne5 Rc8 12. Qe2 c5 13. Nxd7 Nxd7 14. dxc5
Nxc5 15. Rd1 Nxd3 16. Rxd3 Qb6 17. Qg4 O-O 18. Ne2 Rfd8 19. Rxd8+ Qxd8 20. Nf4
g6 21. Qe2 Bf6 22. f3 e5 23. Nd3 e4 24. Nf2 exf3 25. gxf3 Qd5 26. e4 Rxc1+ 27.
Rxc1 Qg5+ 28. Ng4 Qxc1+ 29. Kg2 Qxb2 30. Nxf6+ Qxf6 31. Qd2 Bc8 32. e5 Qe7 33.
Qc1 Be6 34. Qc6 Qg5+ 35. Kf2 Qxe5 0-1

[Event "Landesliga West MV 2013/14"]
[Site "?"]
[Date "2014.02.23"]
[Round "6.8"]
[White "Feige, Detlef"]
[Black "Behnke, Thomas"]
[Result "1/2-1/2"]
[WhiteElo "1582"]
[BlackElo "1582"]
[PlyCount "85"]
[EventType "team-tourn"]
[EventRounds "9"]
[WhiteTeam "Putlitzer SV 1921"]
[BlackTeam "SV Empor Kuehlungsborn"]

1. d4 d5 2. c4 c6 3. Nc3 Bf5 4. Qb3 b6 5. cxd5 cxd5 6. Qxd5 Qxd5 7. Nxd5 Kd8 8.
Bf4 Nc6 9. e3 e6 10. Nc3 Nb4 11. Kd2 Nf6 12. a3 Nbd5 13. Bg3 Nxc3 14. bxc3 Ne4+
15. Ke1 Nxc3 16. Ba6 Ne4 17. Bf4 Bd6 18. Bxd6 Nxd6 19. f3 Ke7 20. Rc1 Rhd8 21.
Ne2 Ne8 22. Kf2 Bg6 23. Rhd1 Rd5 24. Bb7 Rad8 25. Bxd5 Rxd5 26. Nf4 Ra5 27.
Nxg6+ hxg6 28. Rc3 Nd6 29. Rdd3 Nb5 30. Rb3 Nd6 31. e4 Rh5 32. e5 Ne8 33. h3 f6
34. f4 Nc7 35. a4 Nd5 36. g4 Rh8 37. Kg3 Rc8 38. a5 Rc1 39. axb6 axb6 40. Rf3
Rc4 41. f5 gxf5 42. gxf5 Rxd4 43. exf6+ 1/2-1/2

[Event "Landesliga West MV 2013/14"]
[Site "?"]
[Date "2014.02.23"]
[Round "6.2"]
[White "Schreiber, Felix"]
[Black "Borchert, Chris"]
[Result "1/2-1/2"]
[WhiteElo "1819"]
[BlackElo "2051"]
[PlyCount "26"]
[EventType "team-tourn"]
[EventRounds "9"]
[WhiteTeam "SC Mecklenburger Springer"]
[BlackTeam "SV Malchower Schachinsel"]

1. d4 Nf6 2. Nf3 e6 3. e3 b6 4. Bd3 Bb7 5. Nbd2 d5 6. Ne5 Bd6 7. f4 Nbd7 8. O-O
Qe7 9. Ndf3 Ne4 10. Nxd7 Qxd7 11. Ne5 Bxe5 12. fxe5 f5 13. Bxe4 dxe4 1/2-1/2

[Event "Landesliga West MV 2013/14"]
[Site "?"]
[Date "2014.02.23"]
[Round "6.3"]
[White "Arning, Norbert"]
[Black "Konrad, Andreas"]
[Result "1-0"]
[WhiteElo "1944"]
[BlackElo "1757"]
[PlyCount "33"]
[EventType "team-tourn"]
[EventRounds "9"]
[WhiteTeam "SV Malchower Schachinsel"]
[BlackTeam "SC Mecklenburger Springer"]

1. e4 c6 2. d4 d5 3. exd5 cxd5 4. c4 Nf6 5. Nc3 e6 6. Bg5 Be7 7. Nf3 dxc4 8.
Bxc4 Nc6 9. O-O O-O 10. a3 a6 11. b4 b5 12. Bb3 Bb7 13. Re1 Nd5 14. Ne4 Bxg5
15. Nfxg5 Rb8 16. Qd3 Nf4 17. Nf6+ 1-0

[Event "Landesliga West MV 2013/14"]
[Site "?"]
[Date "2014.02.23"]
[Round "6.4"]
[White "Schreiber, Nico"]
[Black "Schmidt, Joerg"]
[Result "1/2-1/2"]
[WhiteElo "1729"]
[BlackElo "1897"]
[PlyCount "45"]
[EventType "team-tourn"]
[EventRounds "9"]
[WhiteTeam "SC Mecklenburger Springer"]
[BlackTeam "SV Malchower Schachinsel"]

1. d4 d5 2. Nf3 Nf6 3. Bf4 Bf5 4. e3 c6 5. Nbd2 e6 6. Bd3 Nbd7 7. Ne5 Nxe5 8.
Bxf5 exf5 9. Bxe5 Bd6 10. Qf3 g6 11. Bxf6 Qxf6 12. g3 O-O 13. h4 h5 14. O-O-O
Qe7 15. Qg2 b5 16. Rde1 Qc7 17. Rhg1 Bb4 18. f3 Qd7 19. g4 Bxd2+ 20. Kxd2 fxg4
21. fxg4 hxg4 22. Qxg4 Qxg4 23. Rxg4 1/2-1/2

[Event "Landesliga West MV 2013/14"]
[Site "?"]
[Date "2014.02.23"]
[Round "6.5"]
[White "Hertel-Mach, Frank"]
[Black "Hopp, Peter"]
[Result "1-0"]
[WhiteElo "1798"]
[BlackElo "1637"]
[PlyCount "49"]
[EventType "team-tourn"]
[EventRounds "9"]
[WhiteTeam "SV Malchower Schachinsel"]
[BlackTeam "SC Mecklenburger Springer"]

1. e4 d5 2. exd5 Qxd5 3. Nf3 Nf6 4. Nc3 Qa5 5. d3 c6 6. Be2 Bg4 7. Bd2 e6 8.
Ne4 Qc7 9. Nxf6+ gxf6 10. Bc3 Nd7 11. Nd2 Bxe2 12. Qxe2 Bd6 13. O-O-O Be5 14.
d4 Bf4 15. Kb1 Bxd2 16. Rxd2 O-O-O 17. g3 h5 18. h3 Rh7 19. Rhd1 f5 20. Rd3 Nf6
21. Bd2 Rd7 22. Bf4 Qb6 23. Qe5 Rd5 24. Qxf6 Rb5 25. Rb3 1-0

[Event "Landesliga West MV 2013/14"]
[Site "?"]
[Date "2014.02.23"]
[Round "6.6"]
[White "Goldbach, Aaron"]
[Black "Kuehn, Peter"]
[Result "0-1"]
[WhiteElo "1594"]
[BlackElo "1798"]
[PlyCount "56"]
[EventType "team-tourn"]
[EventRounds "9"]
[WhiteTeam "SC Mecklenburger Springer"]
[BlackTeam "SV Malchower Schachinsel"]

1. d4 f5 2. e4 fxe4 3. Nc3 Nf6 4. Bg5 Nc6 5. Bxf6 exf6 6. d5 Ne5 7. Nxe4 f5 8.
Ng3 d6 9. Bb5+ c6 10. dxc6 bxc6 11. Be2 Qb6 12. b3 d5 13. Qd2 Bc5 14. Bd1 O-O
15. Nf3 Nxf3+ 16. Bxf3 Re8+ 17. Kf1 Ba6+ 18. Kg1 Re5 19. h3 Rae8 20. c3 Bxf2+
21. Kh2 Be3 22. Qc2 Bf4 23. c4 d4 24. Rab1 R8e6 25. Bh5 Re3 26. Bf7+ Kxf7 27.
Qxf5+ Rf6 28. Qh5+ Kg8 0-1

[Event "Landesliga West MV 2013/14"]
[Site "?"]
[Date "2014.02.23"]
[Round "6.7"]
[White "Fechner, Henrik"]
[Black "Czichi, Joerg"]
[Result "1/2-1/2"]
[WhiteElo "1771"]
[BlackElo "1476"]
[PlyCount "52"]
[EventType "team-tourn"]
[EventRounds "9"]
[WhiteTeam "SV Malchower Schachinsel"]
[BlackTeam "SC Mecklenburger Springer"]

1. d4 d5 2. c4 e6 3. Nc3 Nf6 4. Bf4 Bd6 5. Bxd6 cxd6 6. cxd5 exd5 7. e3 O-O 8.
Bd3 Re8 9. Nge2 Nc6 10. O-O Be6 11. Nf4 Qd7 12. Qb3 a6 13. Nfxd5 Nxd5 14. Nxd5
Bxd5 15. Qxd5 Nb4 16. Qb3 Nxd3 17. Qxd3 d5 18. Rac1 Rac8 19. Qd2 Rxc1 20. Rxc1
Rc8 21. Rc5 b6 22. Rc3 Qf5 23. h3 g6 24. Rxc8+ Qxc8 25. Qc3 Qd7 26. f3 f5
1/2-1/2

[Event "Landesliga West MV 2013/14"]
[Site "?"]
[Date "2014.02.23"]
[Round "6.8"]
[White "Neumann, Sandra"]
[Black "Schmidt, Robert"]
[Result "0-1"]
[WhiteElo "1179"]
[BlackElo "1688"]
[PlyCount "32"]
[EventType "team-tourn"]
[EventRounds "9"]
[WhiteTeam "SC Mecklenburger Springer"]
[BlackTeam "SV Malchower Schachinsel"]

1. e4 d5 2. e5 c5 3. f4 Nc6 4. Nf3 Bg4 5. Bb5 e6 6. b3 Nge7 7. Bb2 Nf5 8. g3 h5
9. Qe2 h4 10. Rg1 hxg3 11. hxg3 Qb6 12. Bxc6+ bxc6 13. Nc3 Nd4 14. Na4 Nxe2 15.
Nxb6 Nxg1 16. Nxa8 Nxf3+ 0-1

[Event "Landesliga West MV 2013/14"]
[Site "?"]
[Date "2014.03.16"]
[Round "7.1"]
[White "Schulz, Bernd"]
[Black "Stadler, Bertino"]
[Result "1-0"]
[WhiteElo "1828"]
[BlackElo "1654"]
[PlyCount "123"]
[EventType "team-tourn"]
[EventRounds "9"]
[WhiteTeam "ASV GW Wismar II"]
[BlackTeam "SV Empor Kuehlungsborn"]

1. e4 g6 2. d4 Bg7 3. Nf3 d6 4. Be2 Nf6 5. Nc3 O-O 6. O-O Nbd7 7. Be3 Ng4 8.
Bg5 Ngf6 9. Qd2 c6 10. Bh6 Qc7 11. Bxg7 Kxg7 12. Rad1 a6 13. Ne1 b5 14. f3 Nb6
15. g3 Bb7 16. Ng2 Rad8 17. Qe3 Rfe8 18. Qf2 b4 19. Nb1 c5 20. d5 Rf8 21. Qe3
Bc8 22. a3 Rfe8 23. Qd2 bxa3 24. Nxa3 e6 25. dxe6 Rxe6 26. Nf4 Ree8 27. Nc4
Nxc4 28. Bxc4 Re7 29. Qc3 Re5 30. Nd3 Ree8 31. Nf2 Qe7 32. Qd3 Qe5 33. b3 h5
34. Bxa6 Bxa6 35. Qxa6 h4 36. Kg2 Nh5 37. Nh1 hxg3 38. hxg3 Qg5 39. f4 Qe7 40.
Nf2 Qf6 41. Qd3 Qe7 42. Rfe1 f6 43. Qf3 Kf7 44. f5 Ng7 45. fxg6+ Kxg6 46. Rh1
Rh8 47. Rxh8 Rxh8 48. Qd3 Ne8 49. e5+ f5 50. exd6 Qd7 51. Qd5 Nf6 52. Qf3 Rh5
53. Nh3 Kf7 54. Nf4 Rg5 55. Qd3 Ne4 56. Qd5+ Kf6 57. Rd3 Rg4 58. Qe6+ Qxe6 59.
Nxe6 Nxd6 60. Rxd6 Ke5 61. Ra6 c4 62. Nf4 1-0